Wszystkie mecze reprezentacji Polski za kadencji Engela - Statystyki

Ogólne statystyki
  • Ten quiz został rozwiązany 88 razy
  • Średni wynik to 19 z 29
Statystyki odpowiedzi
Rozgrywki Wynik Reprezentacja % Poprawnych
Mistrzostwa Świata 3:1 Stany Zjednoczone
96%
Mistrzostwa Świata 0:4 Portugalia
95%
Mistrzostwa Świata 0:2 Korea Południowa
94%
Mecz towarzyski 0:3 Hiszpania
91%
Eliminacje do MŚ 3:1 Ukraina
88%
Eliminacje do MŚ 1:1 Ukraina
88%
Eliminacje do MŚ 3:2 Norwegia
87%
Eliminacje do MŚ 3:0 Norwegia
87%
Mecz towarzyski 0:1 Francja
83%
Eliminacje do MŚ 3:1 Białoruś
72%
Eliminacje do MŚ 1:4 Białoruś
72%
Mecz towarzyski 0:2 Japonia
68%
Mecz towarzyski 1:3 Holandia
66%
Eliminacje do MŚ 0:0 Walia
66%
Eliminacje do MŚ 2:1 Walia
66%
Mecz towarzyski 1:1 Rumunia
65%
Mecz towarzyski 1:2 Rumunia
65%
Mecz towarzyski 0:0 Węgry
62%
Mecz towarzyski 1:0 Estonia
61%
Mecz towarzyski 0:0 Finlandia
60%
Eliminacje do MŚ 4:0 Armenia
57%
Eliminacje do MŚ 1:1 Armenia
57%
Mecz towarzyski 4:0 Szwajcaria
54%
Mecz towarzyski 1:1 Szkocja
48%
Mecz towarzyski 4:1 Irlandia Północna
41%
Mecz towarzyski 1:0 Islandia
39%
Mecz towarzyski 1:1 Islandia
39%
Mecz towarzyski 0:0 Kamerun
26%
Mecz towarzyski 2:1 Wyspy Owcze
26%
Nie znaleziono quizów pasujących do podanych kryteriów
Rozkład punktacji
Procent ludzi z każdym wynikiem
Percentyl według liczby udzielonych odpowiedzi
Twoja historia wyników
Nie rozwiązałeś tego quizu